000 01108nam a2200313 i 4500
003 DO-SdBNP
005 20251218090033.0
007 ta
008 250403b2024 pr ||||| |||| 00| 0 spa d
020 _a9789945654714
040 _aDO-SdBNP
_bspa
_cBNPHU
_erda
041 _aspa
082 4 _aRD861.44
_bD536v
_222
100 _aDi Pietro, Giovanni
_eautor
_4aut.
_985252
245 1 0 _aViaje a la isla de los muertos y otros poemas /
_cGiovanni Di Pietro ; edición, corrección y estilo, Alex Ferreras.
264 4 _aSan Juan, Puerto Rico :
_bEditora Unicornio,
_bEditorial Santuario,
_c©2024.
300 _a78 páginas ;
_c22 cm.
336 _atexto
_btxt
_2rdacontent
337 _asin mediación
_bn
_2rdamedia
338 _avolumen
_bnc
_2rdacarrier
490 0 _aPoemas
500 _aIncluye datos biográficos del autor en la contracubierta
590 _aInventariado, 2025 /LP
650 4 _aLiteratura dominicana.
_967
650 4 _aPoesía dominicana
_966
700 1 _aFerreras, Alex,
_eeditor y corrector
_4ed.
_910205
910 _aValidado. Control de calidad/ MAA
942 _2ddc
_cLBS1
999 _c58323
_d58323